Statistics for Smash ultimate roster

Click here to take the quiz!

General Stats

  • This quiz has been taken 8 times
  • The average score is 50 of 86

Answer Stats

Answer% Correct
Link
86%
Luigi
86%
Mario
86%
Peach
86%
Banjo Kazooie
71%
Beyonetta
71%
Bowser
71%
Byleth
71%
Daisy
71%
dark samus
71%
Donkey Kong
71%
Hero
71%
Joker
71%
Kazuya
71%
Ken
71%
King Dedede
71%
Kirby
71%
Lucario
71%
Min Min
71%
Mythra
71%
Pikachu
71%
Pyra
71%
Ryu
71%
Samus
71%
Sephiroth
71%
Sora
71%
Steve
71%
Terry
71%
Bowser Jr.
57%
Chrom
57%
Cloud
57%
Dark pit
57%
Falco
57%
Fox
57%
Ganondorf
57%
Ike
57%
Incineroar
57%
Inkling
57%
Jigglypuff
57%
Lucina
57%
Marth
57%
Meta Knight
57%
Mewtwo
57%
Mii brawler
57%
Mii Gunner
57%
Mii swordfighter
57%
Mr. Game and watch
57%
Pichu
57%
Piranha plant
57%
Pit
57%
Pokemon trainer
57%
Richter
57%
R.O.B
57%
Robin
57%
Roy
57%
SImon
57%
Snake
57%
Toon Link
57%
Wario
57%
Wii Fit Trainer
57%
Wolf
57%
Young Link
57%
Zelda
57%
Zero Suit Samus
57%
Caption Falcon
43%
Diddy Kong
43%
Dr. Mario
43%
Greninja
43%
Ice climbers
43%
isabelle
43%
King K. Rool
43%
Little Mac
43%
Lucas
43%
Mega Man
43%
Ness
43%
Olimar
43%
Ridley
43%
Rosalina
43%
Sheik
43%
Shulk
43%
Sonic
43%
Villager
43%
Yoshi
43%
Duck Hunt
29%
Pac Man
29%
Palutina
29%

Score Distribution

Percentile by Number Answered

Percent of People with Each Score

Your Score History

You have not taken this quiz